[Event "Heusenstamm Sparkassen op-B 5th"]
[Site "Heusenstamm"]
[Date "2018.11.24"]
[Round "5"]
[White "Schneider, Ferdinand"]
[Black "Fuchs, Andreas1111"]
[Result "1/2-1/2"]
[WhiteElo "1449"]
[BlackElo "1661"]
[PlyCount "154"]
[EventDate "2018.11.22"]
[EventType "swiss"]
[EventRounds "7"]
[EventCountry "GER"]
[SourceTitle "CBM 187 Extra"]
[Source "ChessBase"]
[SourceDate "2018.11.04"]
[SourceVersion "1"]
[SourceVersionDate "2018.11.04"]
[SourceQuality "1"]

1. e4 e6 2. d4 d5 3. exd5 exd5 4. Bd3 Nc6 5. Ne2 Bd6 6. 0-0 Nge7 7. Nd2 Bg4 8. f3 Bh5 9. c4 dxc4 10. Nxc4 Bg6 11. Be3 0-0 12. Rc1 Nd5 13. Bf2 Nf4 14. Bxg6 hxg6 15. Nxf4 Bxf4 16. Rc3 Qd5 17. Be3 Bxe3+ 18. Nxe3 Qxd4 19. Qxd4 Nxd4 20. Rd3 Ne6 21. Rd7 Rfd8 22. Rfd1 Kf8 23. Nc4 Rxd7 24. Rxd7 Rd8 25. Rxd8+ Nxd8 26. Kf2 Ke7 27. Ke3 Ke6 28. Ke4 Nc6 29. g4 f5+ 30. Kf4 Nb4 31. a3 Nd3+ 32. Kg5 fxg4 33. fxg4 b5 34. Ne3 Kf7 35. Nd1 c5 36. h3 a5 37. Kh4 c4 38. Kg3 b4 39. axb4 axb4 40. Kf3 Nc5 41. Ke3 Ne6 42. Kf2 Kf6 43. Kf3 Ke5 44. Ke3 Nc5 45. g5 Ne4 46. h4 c3 47. bxc3 bxc3 48. Kd3 c2 49. Kxc2 Kf4 50. Kd3 Kf3 51. Ne3 Nf2+ 52. Kd2 Ng4 53. Nd5 Kg3 54. Ne7 Ne5 55. Nxg6 Nf3+ 56. Ke3 Nxh4 57. Nxh4 Kxh4 58. Kf4 g6 59. Kf3 Kxg5 60. Kg3 Kf5 61. Kf3 g5 62. Kg3 g4 63. Kg2 Kf4 64. Kf2 g3+ 65. Kg2 Kg4 66. Kg1 Kf3 67. Kf1 Kg4 68. Kg2 Kh4 69. Kg1 Kh3 70. Kh1 Kh4 71. Kg2 Kg4 72. Kg1 Kf3 73. Kf1 Ke3 74. Kg2 Kf4 75. Kg1 Kf3 76. Kf1 g2+ 77. Kg1 Kg3 1/2-1/2

[Event "Heusenstamm Sparkassen op-B 5th"]
[Site "Heusenstamm"]
[Date "2018.11.24"]
[Round "4"]
[White "Tarini, Jagadeesh"]
[Black "Schneider, Ferdinand"]
[Result "0-1"]
[WhiteElo "1016"]
[BlackElo "1449"]
[PlyCount "136"]
[EventDate "2018.11.22"]
[EventType "swiss"]
[EventRounds "7"]
[EventCountry "GER"]
[SourceTitle "CBM 187 Extra"]
[Source "ChessBase"]
[SourceDate "2018.11.04"]
[SourceVersion "1"]
[SourceVersionDate "2018.11.04"]
[SourceQuality "1"]

1. d4 d5 2. Nf3 Nf6 3. e3 Bf5 4. c3 e6 5. Bd3 Bg6 6. Bxg6 fxg6 7. 0-0 Bd6 8. Nbd2 0-0 9. Re1 Nbd7 10. e4 c6 11. e5 Bxe5 12. dxe5 Ne8 13. Nd4 Qe7 14. Qg4 Nc7 15. N2f3 c5 16. Ne2 Qf7 17. Qh3 Nxe5 18. Bf4 Nxf3+ 19. gxf3 Na6 20. Kh1 Qf6 21. Rg1 e5 22. Bg5 Qxf3+ 23. Qxf3 Rxf3 24. Rg3 Rxf2 25. Rg2 Rxg2 26. Kxg2 Rf8 27. Be7 Re8 28. Bd6 Re6 29. Bxe5 Rxe5 30. Ng3 Nc7 31. Rf1 Ne6 32. Nh1 Rg5+ 33. Kf3 Rf5+ 34. Kg2 Rxf1 35. Kxf1 Kf7 36. Ke2 Kf6 37. Ng3 Ke5 38. Kf3 Ng5+ 39. Ke3 Ne4 40. Ne2 g5 41. Nc1 d4+ 42. cxd4+ cxd4+ 43. Kd3 Nc5+ 44. Ke2 d3+ 45. Nxd3+ Nxd3 46. Kxd3 h5 47. Ke3 g4 48. h4 gxh3 49. Kf2 h4 50. Kg1 g5 51. Kf1 Kd4 52. b4 Kc4 53. a3 Kb3 54. Kg1 Kxa3 55. Kh2 g4 56. Kg1 g3 57. Kh1 Kxb4 58. Kg1 a5 59. Kf1 a4 60. Ke2 h2 61. Ke3 h1Q 62. Kf4 g2 63. Kg5 g1Q+ 64. Kf6 Qc5 65. Ke6 Qhc6+ 66. Kf7 Q5d5+ 67. Ke7 Qdd7+ 68. Kf8 Qcc8# 0-1

[Event "Heusenstamm Sparkassen op-B 5th"]
[Site "Heusenstamm"]
[Date "2018.11.23"]
[Round "3"]
[White "Schneider, Ferdinand"]
[Black "John, Volkmar"]
[Result "0-1"]
[WhiteElo "1449"]
[BlackElo "1737"]
[PlyCount "66"]
[EventDate "2018.11.22"]
[EventType "swiss"]
[EventRounds "7"]
[EventCountry "GER"]
[SourceTitle "CBM 187 Extra"]
[Source "ChessBase"]
[SourceDate "2018.11.04"]
[SourceVersion "1"]
[SourceVersionDate "2018.11.04"]
[SourceQuality "1"]

1. e4 c6 2. d4 d5 3. exd5 cxd5 4. Nf3 Nc6 5. Bd3 Nb4 6. Bb5+ Bd7 7. Bxd7+ Qxd7 8. c3 Nc6 9. 0-0 Nf6 10. Bg5 e6 11. Nbd2 Bd6 12. Re1 0-0-0 13. a4 Kb8 14. a5 Qc7 15. b4 h6 16. Be3 Ne4 17. Qb3 g5 18. Nf1 g4 19. N3d2 f5 20. Nxe4 fxe4 21. b5 Nxa5 22. Qa4 b6 23. Rec1 Rd7 24. Ra2 h5 25. Raa1 h4 26. Ra2 Rg7 27. Raa1 Qf7 28. Rc2 h3 29. Raa2 hxg2 30. Kxg2 Qf3+ 31. Kg1 Bxh2+ 32. Nxh2 Rxh2 33. Bf4+ Qxf4 0-1

[Event "Heusenstamm Sparkassen op U14 4th"]
[Site "Heusenstamm"]
[Date "2017.11.26"]
[Round "5"]
[White "Martin, Peter"]
[Black "Schneider, Ferdinand"]
[Result "1-0"]
[WhiteElo "1219"]
[BlackElo "1148"]
[PlyCount "95"]
[EventDate "2017.11.24"]
[EventType "swiss"]
[EventRounds "5"]
[EventCountry "GER"]
[SourceTitle "EXT 2019"]
[Source "ChessBase"]
[SourceDate "2018.10.10"]
[SourceVersion "1"]
[SourceVersionDate "2018.10.10"]
[SourceQuality "1"]

1. e4 e5 2. d4 exd4 3. c3 d5 4. exd5 Qxd5 5. cxd4 Nc6 6. Nc3 Qxd4 7. Qxd4 Nxd4 8. Bd3 Nf6 9. Be3 Nc6 10. Nf3 Bb4 11. Rc1 Be6 12. a3 Ba5 13. b4 Bb6 14. Bxb6 axb6 15. b5 Ne7 16. a4 Ned5 17. Nxd5 Nxd5 18. 0-0 0-0 19. Ng5 Rxa4 20. Nxe6 fxe6 21. Rfe1 Re8 22. Bf5 Rb4 23. Bxe6+ Kf8 24. Bxd5 Rxe1+ 25. Rxe1 Rxb5 26. Bxb7 c5 27. Kf1 c4 28. Rc1 Rc5 29. Ke2 Ke7 30. Kd2 Kd6 31. Kc3 Ke5 32. Ba6 Kd5 33. Kb4 Kd4 34. Rxc4+ Rxc4+ 35. Bxc4 h6 36. f3 g5 37. Kb5 Kc3 38. Bf7 Kd2 39. Be6 Ke3 40. Kxb6 Kf2 41. h4 Kxg2 42. hxg5 hxg5 43. Bg4 Kg3 44. Kc6 Kh4 45. Kd6 Kg3 46. Ke6 Kh4 47. Kf6 Kg3 48. Kxg5 1-0

[Event "Heusenstamm Sparkassen op U14 4th"]
[Site "Heusenstamm"]
[Date "2017.11.25"]
[Round "2"]
[White "Schneider, Ferdinand"]
[Black "Porstendoerfer, Yannik"]
[Result "0-1"]
[WhiteElo "1148"]
[BlackElo "1236"]
[PlyCount "60"]
[EventDate "2017.11.24"]
[EventType "swiss"]
[EventRounds "5"]
[EventCountry "GER"]
[SourceTitle "EXT 2019"]
[Source "ChessBase"]
[SourceDate "2018.10.10"]
[SourceVersion "1"]
[SourceVersionDate "2018.10.10"]
[SourceQuality "1"]

1. e4 d5 2. exd5 Nf6 3. d4 Nxd5 4. c4 Nf6 5. Nc3 e5 6. dxe5 Qxd1+ 7. Nxd1 Bb4+ 8. Nc3 Ne4 9. Bd2 Bxc3 10. Bxc3 Nxc3 11. bxc3 Nc6 12. f4 Bf5 13. Nf3 0-0-0 14. Be2 h6 15. 0-0 Bd3 16. Bxd3 Rxd3 17. Rac1 Rhd8 18. Kf2 Na5 19. c5 Nc4 20. Ke2 Re3+ 21. Kf2 Rdd3 22. Rfe1 Rxe1 23. Kxe1 Re3+ 24. Kf2 Re4 25. g3 g5 26. fxg5 hxg5 27. Nxg5 Rxe5 28. Nxf7 Rf5+ 29. Kg2 Rxf7 30. Rh1 Ne3+ 0-1